Bibliografia Technickej univerzity vo Zvolene ... Časť: Fakulta environmentálnej a výrobnej techniky

Bibliographic Details
Other Authors: Zacharová, Ida, 1949- (Compiler)
Format: Serial
Language:Slovak
PhysicalDescription:zv. 21 cm
Published: Zvolen Technická univerzita 1997-
ISBN:8022807206
Subjects:

MARC

LEADER 00000cas a2200000 a 4500
001 vtls001357127
003 SK-MaSNL
005 20260228155719.0
008 160401c19979999xo ar rb 0 0b0slo
015 |a SNBSAB1998-00080 
020 |a 8022807206 
035 |a SNK000310620 
040 |a SNK  |b slo  |c SNK  |e AACR2 
041 0 |a slo 
044 |a xo  |c SK 
072 7 |a 01  |x Bibliografia. Katalógy  |2 konspekt 
072 7 |a 502  |x Životné prostredie a jeho ochrana  |2 konspekt 
080 |a 016  |2 2011 
080 |a 630  |2 2011 
080 |a 502  |2 2011 
080 |a 050  |2 2011 
080 |a (01)  |2 2011 
080 |a 504  |2 2011 
080 |a (058)  |2 2011 
245 0 0 |a Bibliografia Technickej univerzity vo Zvolene ...  |p Časť: Fakulta environmentálnej a výrobnej techniky 
260 |a Zvolen  |b Technická univerzita  |c 1997- 
300 |a zv.  |c 21 cm 
310 |a 1x ročne 
362 |a 1997- 
500 |a Zostavila: Ida Zacharová 
504 |a Reg. aut., angl. a slov. deskriptorov 
610 2 7 |a Technická univerzita vo Zvolene.  |b Fakulta environmentálnej a výrobnej techniky  |2 SNKKA  |9 133252 
650 0 7 |a environmentalistika  |2 SNKPH  |9 787 
655 7 |a bibliografie  |2 SNKPH  |9 28668 
655 7 |a ročenky  |2 SNKPH  |9 57146 
700 1 |a Zacharová, Ida,  |d 1949-  |4 com  |9 229703 
910 |a snk 
919 |a 80-228-0720-6 
958 |a RM 
958 |a SF 
999 |c 307  |d 307 
952 |0 0  |1 0  |4 0  |7 0  |a SNK  |b SNK  |d 2004-04-01  |i snkPV 341/2004  |l 0  |o snkČSD 1878/D/2001  |p 17A0416156  |r 2005-01-02 00:00:00  |w 2026-02-21  |y PREZ 
952 |0 0  |1 0  |4 0  |7 0  |a SNK  |b SNK  |d 2004-04-01  |i snkPV 342/2004  |l 0  |o snkČSD 1878/D/2001 D1  |p 17A0416157  |r 2005-01-02 00:00:00  |w 2026-02-21  |y PREZ 
952 |0 0  |1 0  |4 0  |7 0  |a SNK  |b SNK  |d 2004-09-24  |i snkPV 1317/2004  |l 0  |o snkČSD 1878/D/2002 D1  |p 17A0431666  |r 2005-01-02 00:00:00  |w 2026-02-21  |y PREZ 
952 |0 0  |1 0  |4 0  |7 0  |a SNK  |b SNK  |d 1999-03-10  |i snkKSP 2426/99  |l 0  |o snkČSD 1878/D/1997 D1  |p 17A0183781  |r 2005-01-02 00:00:00  |w 2026-02-21  |y PREZ 
952 |0 0  |1 0  |4 0  |7 0  |a SNK  |b SNK  |d 2004-09-24  |i snkPV 1316/2004  |l 0  |o snkČSD 1878/D/2002  |p 17A0431665  |r 2005-01-02 00:00:00  |w 2026-02-21  |y PREZ 
952 |0 0  |1 0  |4 0  |7 0  |a SNK  |b SNK  |d 2000-07-04  |i snkKSP 6709/2000  |l 0  |o snkČSD 1878/D/1998  |p 17A0257540  |r 2005-01-02 00:00:00  |w 2026-02-21  |y PREZ 
952 |0 0  |1 0  |4 0  |7 0  |a SNK  |b SNK  |d 2000-07-04  |i snkKSP 6710/2000  |l 0  |o snkČSD 1878/D/1998 D1  |p 17A0244811  |r 2005-01-02 00:00:00  |w 2026-02-21  |y PREZ 
952 |0 0  |1 0  |4 0  |7 0  |a SNK  |b SNK  |d 2001-07-20  |i snk672/20010724  |l 0  |o snkC 398  |r 2005-01-02 00:00:00  |w 2026-02-21  |y NEVYP 
952 |0 0  |1 0  |4 0  |7 0  |a SNK  |b SNK  |d 2001-07-04  |i snkKSP 8038/2001  |l 0  |o snkČSD 1878/D/1999  |p 17A0307151  |r 2005-01-02 00:00:00  |w 2026-02-21  |y PREZ 
952 |0 0  |1 0  |4 0  |7 0  |a SNK  |b SNK  |d 2001-07-04  |i snkKSP 8039/2001  |l 0  |o snkČSD 1878/D/1999 D1  |p 17A0307152  |r 2005-01-02 00:00:00  |w 2026-02-21  |y PREZ 
952 |0 0  |1 0  |4 0  |7 0  |a SNK  |b SNK  |d 2001-07-20  |i snk671/20010724  |l 0  |o snkC 397  |r 2005-01-02 00:00:00  |w 2026-02-21  |y NEVYP 
952 |0 0  |1 0  |4 0  |7 0  |a SNK  |b SNK  |d 2002-08-05  |i snkKSP 9282/2002  |l 0  |o snkČSD 1878/D/2000  |p 17A0352305  |r 2005-01-02 00:00:00  |w 2026-02-21  |y PREZ 
952 |0 0  |1 0  |4 0  |7 0  |a SNK  |b SNK  |d 2002-08-05  |i snkKSP 9283/2002  |l 0  |o snkČSD 1878/D/2000 D1  |p 17A0352306  |r 2005-01-02 00:00:00  |w 2026-02-21  |y PREZ 
952 |0 0  |1 0  |4 0  |7 0  |a SNK  |b SNK  |d 1999-03-10  |i snk372/990323  |l 0  |o snkC 179  |r 2005-01-02 00:00:00  |w 2026-02-21  |y NEVYP 
952 |0 0  |1 0  |4 0  |7 0  |a SNK  |b SNK  |d 1999-03-10  |i snkKSP 2425/99  |l 0  |o snkČSD 1878/D/1997  |p 17A0190373  |r 2005-01-02 00:00:00  |w 2026-02-21  |y PREZ